00861cam a2200253 i 4500008004100000020003000041040001500071245006500086250001800151264003700169300002800206336002600234337002800260338002700288500001900315504004100334650006200375650005200437651005700489655001900546700002400565003000100589005001700590  a9781506316451 (paperback) aNUSTcNUST00aCampaigns on the cutting edge /ceditor, Richard J. Semiatin aThird edition 1aLos Angeles :bCQ Press,c[2017] axvi, 246 pages ;c23 cm atextbtxt2rdacontent aunmediatedbn2rdamedia avolumebnc2rdacarrier aIncludes index aIncludes bibliographical references  0aPolitical campaignszUnited StatesxHistoryy21st century 0aElectionszUnited StatesxHistoryy21st century 0aUnited StatesxPolitics and governmenty21st century 7aHistory.2fast1 aSemiatin, Richard J20230123141243.0